000 00473nam a2200169Ia 4500
999 _c14048
_d14048
082 _aTM.0085
100 _aMathura Singh
245 0 _aFaizabad Ayodhya : A study in urban geography (in Hindi)
260 _c1971
_bAgra University
300 _a261p. + C D -26
650 _aCITIES AND TOWNS - UTTAR PRADESH///FAIZABAD
650 _aFAIZABAD
650 _aAYODHYA
650 _aCITIES AND TOWNS - UTTAR PRADESH///AYODHYA
710 _aNigam, R.K.
942 _cTH
_2ddc